[Event "CCT Play-in Chessable Masters 2024"]
[Site "Online"]
[Date "2024.01.31"]
[Round "3"]
[White "Sychev, Klementy"]
[Black "Sasikiran, Krishnan"]
[Result "1-0"]
[WhiteElo "2542"]
[BlackElo "2586"]
[Annotator "RC"]
[PlyCount "83"]
[EventDate "2024.01.26"]
[EventType "swiss"]
[EventCountry "NET"]
[SourceTitle "playchess.com"]
[Source "ChessBase"]
[SourceQuality "1"]

1. e4 c5 2. Nf3 d6 3. d4 cxd4 4. Nxd4 Nf6 5. Nc3 a6 6. Bc4 e6 7. f4 d5 8. Bd3 dxe4 9. Nxe4 Be7 10. c3 Bd7 11. Be3 Nc6 12. Qf3 Nxd4 13. Bxd4 Bc6 14. O-O-O Qa5 15. Kb1 O-O-O 16. Rhe1 Bd5 17. a3 Qa4 18. Qe2 Qb3 19. c4 Bxe4 20. Bxe4 Nxe4 21. Qxe4 Bh4 22. Rd3 Qxd3+ 23. Qxd3 Bxe1 24. Qe3 Ba5 25. Bxg7 Rhg8 26. Bf6 Rd1+ 27. Ka2 Rxg2 28. Qc5+ Bc7 29. Be5 Rd7 30. Bxc7 Rxc7 31. Qf8+ Kd7 32. Qxf7+ Kd6 33. Qf8+ Kd7 34. c5 Rd2 35. f5 exf5 36. Qxf5+ Kc6 37. Qe4+ Rd5 38. b4 Rcd7 39. Kb3 b6 40. Qe6+ Kc7 41. Qxb6+ Kc8 42. Qxa6+ 1-0

[Event "CCT Play-in Chessable Masters 2024"]
[Site "Online"]
[Date "2024.01.31"]
[Round "3"]
[White "Vladimir_Zakhartsov"]
[Black "Theodorou, Nikolas"]
[Result "1/2-1/2"]
[WhiteElo "2542"]
[BlackElo "2627"]
[Annotator "RC"]
[PlyCount "122"]
[EventDate "2024.01.26"]
[EventType "swiss"]
[EventCountry "NET"]
[SourceTitle "playchess.com"]
[Source "ChessBase"]
[SourceQuality "1"]

1. e4 e6 2. d4 d5 3. Nd2 c5 4. exd5 exd5 5. Bb5+ Nc6 6. Ngf3 Bd6 7. dxc5 Bxc5 8. O-O Nge7 9. Nb3 Bb6 10. Bf4 O-O 11. h3 h6 12. Re1 Nf5 13. Bd3 Qf6 14. c3 Nh4 15. Nxh4 Qxf4 16. Nf3 Bxh3 17. gxh3 Qg3+ 18. Kh1 Qxh3+ 19. Nh2 Bc7 20. f4 Bxf4 21. Re2 Ne5 22. Bc2 Rfe8 23. Qf1 Qxf1+ 24. Rxf1 Bxh2 25. Rxh2 Nc4 26. Bd3 Re5 27. Nd4 Rae8 28. Nf5 Re1 29. Rg2 Rxf1+ 30. Bxf1 Re1 31. Rxg7+ Kf8 32. Rg1 Nxb2 33. Bg2 Re5 34. Rf1 Na4 35. Nd6 Ke7 36. Nf5+ Kf8 37. Rf3 Nxc3 38. Rxc3 Rxf5 39. Rc7 d4 40. Rxb7 Ra5 41. Rb2 Ke7 42. Bf1 Kd6 43. Bc4 f5 44. Kg2 Rc5 45. Rc2 Ke5 46. Kf3 a5 47. Re2+ Kf6 48. Bb3 Re5 49. Rxe5 Kxe5 50. Bc2 h5 51. Kg3 h4+ 52. Kxh4 Kf4 53. a4 Ke3 54. Bxf5 d3 55. Kg3 Kd2 56. Kf2 Kc3 57. Ke1 Kb3 58. Bd7 Kc2 59. Bf5 Kb3 60. Bd7 Kc2 61. Bf5 Kb3 1/2-1/2

[Event "CCT Play-in Chessable Masters 2024"]
[Site "Online"]
[Date "2024.01.31"]
[Round "3"]
[White "Sankalp Gupta"]
[Black "Golubev, Mikhail"]
[Result "1-0"]
[WhiteElo "2535"]
[BlackElo "2461"]
[Annotator "RC"]
[PlyCount "73"]
[EventDate "2024.01.26"]
[EventType "swiss"]
[EventCountry "NET"]
[SourceTitle "playchess.com"]
[Source "ChessBase"]
[SourceQuality "1"]

1. e4 c5 2. Nf3 d6 3. d4 cxd4 4. Qxd4 Nf6 5. Nc3 Nc6 6. Qe3 g6 7. h3 Bg7 8. Be2 O-O 9. O-O Qb6 10. Qxb6 axb6 11. a3 Be6 12. Rb1 Nd7 13. Nd5 Rac8 14. Be3 h6 15. Nxb6 Nxb6 16. Bxb6 f5 17. Bd3 Ba2 18. Ra1 fxe4 19. Bxe4 Bc4 20. Rfb1 g5 21. c3 d5 22. Bc2 Rxf3 23. gxf3 Rf8 24. Bd1 Bd3 25. Rc1 Be5 26. a4 Bf4 27. Be3 Bd6 28. a5 Ne5 29. Kg2 Ng6 30. Ra4 Nh4+ 31. Kg1 Nxf3+ 32. Bxf3 Rxf3 33. h4 e5 34. hxg5 e4 35. gxh6 Rh3 36. Re1 Bb5 37. Rd4 1-0

[Event "CCT Play-in Chessable Masters 2024"]
[Site "Online"]
[Date "2024.01.31"]
[Round "3"]
[White "zvonokchess"]
[Black "Gascon Del Nogal, Jose Rafael"]
[Result "1-0"]
[WhiteElo "2534"]
[BlackElo "2475"]
[Annotator "RC"]
[PlyCount "51"]
[EventDate "2024.01.26"]
[EventType "swiss"]
[EventCountry "NET"]
[SourceTitle "playchess.com"]
[Source "ChessBase"]
[SourceQuality "1"]

1. d4 Nf6 2. Bg5 d5 3. Nd2 c5 4. dxc5 Na6 5. Bxf6 gxf6 6. e4 Nxc5 7. exd5 Qxd5 8. Ngf3 Bd7 9. Bc4 Qc6 10. Qe2 b5 11. Bb3 e6 12. c3 Nxb3 13. axb3 Rg8 14. Ne4 Be7 15. Ng3 a6 16. O-O Qb7 17. Nd4 Bc5 18. Rad1 Kf8 19. Qe3 Ke8 20. Ne4 Be7 21. Nf5 Rxg2+ 22. Kh1 Bc6 23. Nfd6+ Bxd6 24. Nxd6+ Ke7 25. f3 Bxf3 26. Rxf3 1-0

[Event "CCT Play-in Chessable Masters 2024"]
[Site "Online"]
[Date "2024.01.31"]
[Round "3"]
[White "Samunenkov, Ihor"]
[Black "Gledura, Benjamin"]
[Result "1/2-1/2"]
[WhiteElo "2533"]
[BlackElo "2633"]
[Annotator "RC"]
[PlyCount "152"]
[EventDate "2024.01.26"]
[EventType "swiss"]
[EventCountry "NET"]
[SourceTitle "playchess.com"]
[Source "ChessBase"]
[SourceQuality "1"]

1. d4 d5 2. c4 c6 3. cxd5 cxd5 4. Bf4 Nc6 5. e3 Nf6 6. Nc3 a6 7. Be2 Bf5 8. Nf3 e6 9. Qb3 Nh5 10. Be5 f6 11. Qxb7 Na5 12. Bc7 Nxb7 13. Bxd8 Nxd8 14. Nh4 g6 15. g4 Bxg4 16. Bxg4 Ng7 17. O-O g5 18. Ng2 Rb8 19. b3 Ba3 20. Rad1 f5 21. Be2 Rb6 22. Ne1 Rc6 23. Nb1 Bd6 24. Nd3 f4 25. exf4 gxf4 26. Bg4 Nf7 27. Rc1 Rxc1 28. Rxc1 Ke7 29. Nd2 h5 30. Bh3 Ng5 31. Kg2 Nxh3 32. Kxh3 Nf5 33. Nf3 a5 34. Rc6 Ra8 35. Kg2 a4 36. b4 a3 37. b5 Ra5 38. Rb6 Ra4 39. Rb7+ Kd8 40. Nc5 Rb4 41. Nxe6+ Kc8 42. Rb6 Rb2 43. Rc6+ Kd7 44. Nc5+ Bxc5 45. Ne5+ Kd8 46. dxc5 f3+ 47. Nxf3 Rxa2 48. Ra6 Rb2 49. Ra8+ Kd7 50. Ne5+ Ke6 51. Nc6 Rxb5 52. Rxa3 Rxc5 53. Ra6 Kf7 54. Ne5+ Kg7 55. Rg6+ Kh7 56. Rg5 Ng7 57. Nd7 Rb5 58. Rxd5 Rxd5 59. Nf6+ Kg6 60. Nxd5 Ne6 61. Kg3 Kg5 62. Kf3 Nd4+ 63. Ke4 Ne6 64. f4+ Kg4 65. Ne3+ Kh3 66. f5 Ng5+ 67. Kf4 Nf7 68. Nf1 Kg2 69. Ng3 h4 70. Ne4 Kxh2 71. Nf2 Kg2 72. Kg4 Kxf2 73. Kxh4 Kf3 74. f6 Kf4 75. Kh3 Kf5 76. Kh2 Kxf6 1/2-1/2

[Event "CCT Play-in Chessable Masters 2024"]
[Site "Online"]
[Date "2024.01.31"]
[Round "3"]
[White "stSecond"]
[Black "Lupulescu, Constantin"]
[Result "1-0"]
[WhiteElo "2527"]
[BlackElo "2589"]
[Annotator "RC"]
[PlyCount "127"]
[EventDate "2024.01.26"]
[EventType "swiss"]
[EventCountry "NET"]
[SourceTitle "playchess.com"]
[Source "ChessBase"]
[SourceQuality "1"]

1. d4 Nf6 2. c4 e6 3. Nf3 d5 4. g3 Bb4+ 5. Bd2 Be7 6. Bg2 c6 7. O-O O-O 8. Bf4 Nbd7 9. Nc3 dxc4 10. e4 Nb6 11. Qe2 Bd7 12. Ne5 Rc8 13. Rfd1 c5 14. d5 exd5 15. Nxd7 Nfxd7 16. Nxd5 Nxd5 17. Rxd5 Qe8 18. Bh3 Rd8 19. Bxd7 Rxd7 20. Qxc4 Qc8 21. Rad1 Rfd8 22. Qa4 Rxd5 23. exd5 Bd6 24. Bxd6 Rxd6 25. Re1 Kf8 26. Qh4 Qd7 27. Qxh7 Rh6 28. Qe4 Rd6 29. Qh4 Rh6 30. Qf4 Rd6 31. Qh4 Rh6 32. Qg5 Rd6 33. Qh5 Kg8 34. Re5 b5 35. h4 c4 36. Qf3 f6 37. Rf5 Qe7 38. h5 b4 39. Rf4 c3 40. bxc3 Qe1+ 41. Kg2 bxc3 42. Re4 Qd2 43. Rc4 c2 44. Rc8+ Kf7 45. Qe4 Qxd5 46. Qxd5+ Rxd5 47. Rxc2 Rxh5 48. Rc7+ Kg6 49. Rxa7 Rc5 50. Ra3 Rc2 51. Kf3 f5 52. Ra7 Kf6 53. a4 Ra2 54. Ke3 g6 55. Ra6+ Kg5 56. a5 Kh5 57. Ra8 Kg4 58. a6 Ra4 59. a7 Re4+ 60. Kd3 Ra4 61. Ke2 Kg5 62. Kf3 Ra3+ 63. Kg2 Ra2 64. Kh3 1-0

[Event "CCT Play-in Chessable Masters 2024"]
[Site "Online"]
[Date "2024.01.31"]
[Round "3"]
[White "Smirnov, Pavel"]
[Black "adotand"]
[Result "1-0"]
[WhiteElo "2526"]
[BlackElo "2459"]
[Annotator "RC"]
[PlyCount "45"]
[EventDate "2024.01.26"]
[EventType "swiss"]
[EventCountry "NET"]
[SourceTitle "playchess.com"]
[Source "ChessBase"]
[SourceQuality "1"]

1. d4 Nf6 2. c4 e6 3. g3 c5 4. Nf3 cxd4 5. Nxd4 Nc6 6. Bg2 Bb4+ 7. Bd2 Bc5 8. Nb3 Be7 9. Nc3 O-O 10. Bf4 d6 11. O-O a6 12. Qd2 Ne5 13. c5 Nc4 14. Qd4 d5 15. e4 Nxb2 16. exd5 exd5 17. Nxd5 Nxd5 18. Bxd5 Bh3 19. Rfe1 Na4 20. Rad1 Qd7 21. c6 bxc6 22. Qxa4 Rad8 23. Bxf7+ 1-0

[Event "CCT Play-in Chessable Masters 2024"]
[Site "Online"]
[Date "2024.01.31"]
[Round "3"]
[White "Gavrilescu, David"]
[Black "Fridman, Daniel"]
[Result "0-1"]
[WhiteElo "2523"]
[BlackElo "2588"]
[Annotator "RC"]
[PlyCount "108"]
[EventDate "2024.01.26"]
[EventType "swiss"]
[EventCountry "NET"]
[SourceTitle "playchess.com"]
[Source "ChessBase"]
[SourceQuality "1"]

1. e4 e6 2. d4 d5 3. e5 c5 4. c3 Qb6 5. Nf3 Bd7 6. Be2 Bb5 7. dxc5 Bxe2 8. cxb6 Bxd1 9. bxa7 Bxf3 10. axb8=Q+ Rxb8 11. gxf3 Ne7 12. Be3 b5 13. Nd2 Nc6 14. Bd4 g6 15. Ke2 Bh6 16. Rae1 Bf4 17. Kd3 b4 18. Nb3 Ra8 19. c4 dxc4+ 20. Kxc4 Rxa2 21. Re4 g5 22. h4 Nxd4 23. Nxd4 Rxb2 24. hxg5 Bxg5 25. f4 Be7 26. Nc6 Rc2+ 27. Kb5 b3 28. Ra4 Rc5+ 29. Kb6 Rd5 30. Rg1 h5 31. Rb1 h4 32. Rxb3 h3 33. Ra8+ Bd8+ 34. Nxd8 Rxd8 35. Rxd8+ Kxd8 36. Rb1 h2 37. Rh1 Ke7 38. Kc6 Kf8 39. Kc5 Kg7 40. Kd4 Kg6 41. Ke4 Rh4 42. Kf3 Kf5 43. Ke3 Rh3+ 44. f3 Rh5 45. Kf2 Kxf4 46. Kg2 Rh7 47. Kf2 Kxe5 48. Kg3 f5 49. Re1+ Kd4 50. Rd1+ Ke3 51. Re1+ Kd2 52. Rh1 Ke2 53. Kf4 Kf2 54. Ke5 Kg2 0-1

[Event "CCT Play-in Chessable Masters 2024"]
[Site "Online"]
[Date "2024.01.31"]
[Round "3"]
[White "Bharath Subramaniyam H"]
[Black "Zohid6"]
[Result "0-1"]
[WhiteElo "2515"]
[BlackElo "2720"]
[Annotator "TA"]
[PlyCount "56"]
[EventDate "2024.01.26"]
[EventType "swiss"]
[EventCountry "NET"]
[SourceTitle "playchess.com"]
[Source "ChessBase"]
[SourceQuality "1"]

1. d4 e6 2. Bf4 Nf6 3. e3 c5 4. Nf3 Nc6 5. Nbd2 d5 6. c3 Be7 7. Ne5 Nd7 8. Bd3 Ndxe5 9. dxe5 Bd7 10. Nf3 g5 11. Bg3 h5 12. h3 Qb6 13. Qc2 O-O-O 14. O-O-O Kb8 15. h4 g4 16. Ng5 Rhf8 17. f4 c4 18. Rhe1 cxd3 19. Qxd3 Rc8 20. Kb1 Na5 21. Ka1 Ba4 22. Rb1 Nb3+ 23. axb3 Bxb3 24. Rbd1 Qa5+ 25. Kb1 Qa2+ 26. Kc1 Ba3 27. Re2 Rxc3+ 28. Qxc3 Qa1+ 0-1

[Event "CCT Play-in Chessable Masters 2024"]
[Site "Online"]
[Date "2024.01.31"]
[Round "3"]
[White "Cuenca Jimenez, Jose Fernando"]
[Black "Aditya Mittal"]
[Result "1/2-1/2"]
[WhiteElo "2514"]
[BlackElo "2588"]
[Annotator "RC"]
[PlyCount "123"]
[EventDate "2024.01.26"]
[EventType "swiss"]
[EventCountry "NET"]
[SourceTitle "playchess.com"]
[Source "ChessBase"]
[SourceQuality "1"]

1. d4 Nf6 2. c4 e6 3. Nf3 d5 4. Nc3 c6 5. Bg5 h6 6. Bxf6 Qxf6 7. e3 Nd7 8. Qc2 g6 9. Be2 Bg7 10. O-O O-O 11. e4 dxc4 12. Bxc4 e5 13. d5 Nb6 14. b3 Bg4 15. Nd2 Rac8 16. Qd3 Rfd8 17. h3 Bd7 18. a4 h5 19. a5 Na8 20. dxc6 bxc6 21. Qe3 Kh7 22. Nf3 Bh6 23. Qxa7 Qe7 24. Na4 c5 25. Nc3 Rc7 26. Nd5 Rxa7 27. Nxe7 Bf8 28. Nd5 Bg7 29. Rfd1 f6 30. Ne1 Bc6 31. Nd3 Bxd5 32. Bxd5 Bf8 33. Nb2 Rb8 34. Bxa8 Raxa8 35. Rd3 Kg7 36. Nc4 Kf7 37. Rad1 Be7 38. Kf1 Ke6 39. Ra1 Rb5 40. Ke2 Rb7 41. Kd1 Ra6 42. Kc2 f5 43. exf5+ gxf5 44. Re1 Bf6 45. Rde3 e4 46. f3 Bd4 47. R3e2 e3 48. Nxe3 Bxe3 49. Rxe3+ Kf6 50. Ra1 Rb5 51. Kc3 Rbxa5 52. Rxa5 Rxa5 53. Re2 Ra1 54. Kc4 Rc1+ 55. Kd3 h4 56. Rc2 Rxc2 57. Kxc2 Ke5 58. Kd3 Kf4 59. Ke2 Kg3 60. Kf1 f4 61. Kg1 c4 62. bxc4 1/2-1/2

[Event "CCT Play-in Chessable Masters 2024"]
[Site "Online"]
[Date "2024.01.31"]
[Round "3"]
[White "Angry_Twin"]
[Black "Bluebaum, Matthias"]
[Result "0-1"]
[WhiteElo "2504"]
[BlackElo "2655"]
[Annotator "TA"]
[PlyCount "83"]
[EventDate "2024.01.26"]
[EventType "swiss"]
[EventCountry "NET"]
[SourceTitle "playchess.com"]
[Source "ChessBase"]
[SourceQuality "1"]

1. d4 d5 2. c4 e6 3. Nc3 Bb4 4. e3 Nf6 5. Bd3 dxc4 6. Bxc4 O-O 7. a3 Bd6 8. Nf3 Nc6 9. O-O e5 10. d5 Ne7 11. e4 a6 12. h3 Ng6 13. Nh2 h6 14. Be3 Bd7 15. Rc1 Qe7 16. Re1 Kh7 17. Bd3 Kh8 18. Na4 Rae8 19. Nc5 Bc8 20. Nf1 Nf4 21. Ng3 Nh7 22. b4 Qh4 23. Bf1 Ng5 24. Nf5 Bxf5 25. exf5 Nfxh3+ 26. gxh3 Nxh3+ 27. Bxh3 Qxh3 28. Nxb7 Qxf5 29. Nxd6 cxd6 30. f3 Qd7 31. Qe2 f5 32. Qh2 f4 33. Bf2 Rf5 34. Rc6 Ref8 35. Kf1 Rg5 36. Re4 Rf6 37. Be1 Rfg6 38. Qc2 Qh3+ 39. Ke2 Rg2+ 40. Kd1 Rxc2 41. Kxc2 Qxf3 42. Rcc4 0-1

[Event "CCT Play-in Chessable Masters 2024"]
[Site "Online"]
[Date "2024.01.31"]
[Round "3"]
[White "Mitrabha, Guha"]
[Black "Laurusas, Tomas"]
[Result "1-0"]
[WhiteElo "2504"]
[BlackElo "2590"]
[Annotator "RC"]
[PlyCount "63"]
[EventDate "2024.01.26"]
[EventType "swiss"]
[EventCountry "NET"]
[SourceTitle "playchess.com"]
[Source "ChessBase"]
[SourceQuality "1"]

1. d4 d5 2. Nf3 Nf6 3. Bf4 c5 4. e3 Nc6 5. Nbd2 g6 6. c3 Bg7 7. dxc5 a5 8. Bb5 O-O 9. a4 Nh5 10. Bg5 Qc7 11. O-O e5 12. e4 h6 13. Bh4 Be6 14. exd5 Bxd5 15. Nc4 Nf4 16. Nb6 Be4 17. Nxa8 Rxa8 18. Re1 f5 19. Qd6 Qf7 20. Bxc6 bxc6 21. Nxe5 Bxe5 22. Qxe5 Nd3 23. Qd4 Nxe1 24. Rxe1 Re8 25. b4 Bd5 26. f3 g5 27. Bf2 Rxe1+ 28. Bxe1 Qe6 29. Bf2 Qe2 30. h3 Kf7 31. b5 Qc4 32. b6 1-0

[Event "CCT Play-in Chessable Masters 2024"]
[Site "Online"]
[Date "2024.01.31"]
[Round "3"]
[White "Samadov, Read"]
[Black "Pakleza, Zbigniew"]
[Result "0-1"]
[WhiteElo "2502"]
[BlackElo "2482"]
[Annotator "RC"]
[PlyCount "84"]
[EventDate "2024.01.26"]
[EventType "swiss"]
[EventCountry "NET"]
[SourceTitle "playchess.com"]
[Source "ChessBase"]
[SourceQuality "1"]

1. Nf3 d5 2. g3 Nf6 3. Bg2 Bf5 4. O-O e6 5. c4 c6 6. cxd5 cxd5 7. d3 Nc6 8. Nc3 Be7 9. Bf4 O-O 10. Rc1 h6 11. Qa4 a6 12. Qb3 Na5 13. Qd1 Nc6 14. Qb3 Na5 15. Qd1 Nc6 16. Ne5 Nxe5 17. Bxe5 Qa5 18. Qb3 b5 19. e4 dxe4 20. dxe4 Bg6 21. Bxf6 Bxf6 22. e5 Bxe5 23. Bxa8 Rxa8 24. Rcd1 Rc8 25. Rd7 Bxc3 26. bxc3 Rxc3 27. Qd1 Qxa2 28. h4 h5 29. Ra7 Qd5 30. Rxa6 Qxd1 31. Rxd1 b4 32. Rb6 b3 33. Kf1 Be4 34. Ke1 Bd5 35. Kd2 Rc2+ 36. Ke3 Rb2 37. f3 Kh7 38. Kf4 f6 39. Ke3 Rg2 40. Kf4 b2 41. Ra6 Rd2 42. Rb1 Rd3 0-1

[Event "CCT Play-in Chessable Masters 2024"]
[Site "Online"]
[Date "2024.01.31"]
[Round "3"]
[White "Sivuk, Vitaly"]
[Black "Paravyan, David"]
[Result "0-1"]
[WhiteElo "2502"]
[BlackElo "2612"]
[Annotator "RC"]
[PlyCount "110"]
[EventDate "2024.01.26"]
[EventType "swiss"]
[EventCountry "NET"]
[SourceTitle "playchess.com"]
[Source "ChessBase"]
[SourceQuality "1"]

1. d4 d5 2. c4 dxc4 3. Nf3 Nf6 4. e3 e6 5. Bxc4 c5 6. O-O Nc6 7. Nc3 a6 8. Bd3 cxd4 9. exd4 Be7 10. a3 O-O 11. Bc2 b5 12. Qd3 Bb7 13. Bg5 g6 14. Rfd1 b4 15. Na4 Nd5 16. Bh6 Re8 17. Nc5 Bxc5 18. dxc5 Qf6 19. Ba4 Qxb2 20. Rab1 Qc3 21. axb4 Qxd3 22. Rxd3 Red8 23. Bxc6 Bxc6 24. Nd4 Bb5 25. Nxb5 axb5 26. g3 f6 27. h4 Kf7 28. Bd2 e5 29. Rc1 Ne7 30. Rxd8 Rxd8 31. Bc3 Nc6 32. Ra1 Ke6 33. Ra6 Kd5 34. Rb6 Kc4 35. Rxc6 Kxc3 36. Rxf6 Kxb4 37. c6 Kc5 38. Re6 Kd5 39. Re7 Kxc6 40. Rxe5 b4 41. h5 b3 42. hxg6 hxg6 43. Re2 Kc5 44. Kg2 Rb8 45. Rb2 Kd4 46. Kf3 Kc3 47. Rb1 Kc2 48. Rg1 b2 49. Kg4 b1=Q 50. Rxb1 Rxb1 51. Kg5 Rb6 52. f4 Kd3 53. g4 Ke4 54. f5 gxf5 55. gxf5 Rb5 0-1

[Event "CCT Play-in Chessable Masters 2024"]
[Site "Online"]
[Date "2024.01.31"]
[Round "3"]
[White "Kosteniuk, Alexandra"]
[Black "Sereiaza"]
[Result "0-1"]
[WhiteElo "2501"]
[BlackElo "2582"]
[Annotator "RC"]
[PlyCount "66"]
[EventDate "2024.01.26"]
[EventType "swiss"]
[EventCountry "NET"]
[SourceTitle "playchess.com"]
[Source "ChessBase"]
[SourceQuality "1"]

1. e4 e5 2. Bc4 Nf6 3. Nc3 Nxe4 4. Qh5 Nd6 5. Bb3 Nc6 6. Nb5 g6 7. Qf3 f5 8. Qd5 Qf6 9. Nxc7+ Kd8 10. Nxa8 b6 11. f4 Bb7 12. Nf3 exf4 13. d3 g5 14. O-O g4 15. Bxf4 gxf3 16. Qxf3 Bxa8 17. Qe3 Be7 18. Bd5 Nc4 19. Qg3 Qd4+ 20. Kh1 Qxd5 21. dxc4 Qxc4 22. b3 Qf7 23. Rad1 Rg8 24. Qf3 Bb7 25. Rf2 Kc8 26. Bg3 f4 27. Qxf4 Qxf4 28. Rxf4 h5 29. Kg1 Ne5 30. Rf5 Bc5+ 31. Kh1 h4 32. Rxe5 hxg3 33. Re2 Rh8 0-1

[Event "CCT Play-in Chessable Masters 2024"]
[Site "Online"]
[Date "2024.01.31"]
[Round "3"]
[White "Shyam, Sundar M."]
[Black "Karthik Venkataraman"]
[Result "1/2-1/2"]
[WhiteElo "2497"]
[BlackElo "2609"]
[Annotator "RC"]
[PlyCount "99"]
[EventDate "2024.01.26"]
[EventType "swiss"]
[EventCountry "NET"]
[SourceTitle "playchess.com"]
[Source "ChessBase"]
[SourceQuality "1"]

1. e4 c5 2. Nf3 d6 3. d4 cxd4 4. Nxd4 Nf6 5. Nc3 a6 6. Be3 e6 7. g4 h6 8. Bg2 e5 9. Nf5 g6 10. Qe2 gxf5 11. exf5 Rg8 12. h3 Qc7 13. f4 Nbd7 14. g5 hxg5 15. fxg5 Rb8 16. O-O-O b5 17. gxf6 Nxf6 18. Rhg1 b4 19. Nd5 Nxd5 20. Bxd5 Rxg1 21. Rxg1 Bb7 22. Bxb7 Qxb7 23. h4 Qe4 24. h5 Bh6 25. Rg8+ Kd7 26. Rxb8 Bxe3+ 27. Kd1 Qh1+ 28. Qe1 Qxh5+ 29. Qe2 Qh1+ 30. Qe1 Qf3+ 31. Qe2 Qh1+ 32. Qe1 Qd5+ 33. Ke2 Bc5 34. Qh4 Qg2+ 35. Ke1 Qxc2 36. Qd8+ Kc6 37. Qe8+ Kd5 38. Qxf7+ Ke4 39. Qb3 Qf2+ 40. Kd1 Qf1+ 41. Kd2 Qf2+ 42. Kd1 Qf1+ 43. Kd2 a5 44. Rh8 Qf2+ 45. Kd1 Qf1+ 46. Kd2 Qf2+ 47. Kd1 Qg1+ 48. Kc2 Qg2+ 49. Kd1 Qf1+ 50. Kd2 1/2-1/2

[Event "CCT Play-in Chessable Masters 2024"]
[Site "Online"]
[Date "2024.01.31"]
[Round "3"]
[White "Frolyanov, Dmitry"]
[Black "Holt, Conrad"]
[Result "0-1"]
[WhiteElo "2495"]
[BlackElo "2540"]
[Annotator "RC"]
[PlyCount "92"]
[EventDate "2024.01.26"]
[EventType "swiss"]
[EventCountry "NET"]
[SourceTitle "playchess.com"]
[Source "ChessBase"]
[SourceQuality "1"]

1. d4 d5 2. c4 c6 3. Nf3 Nf6 4. e3 Bf5 5. Nc3 e6 6. Nh4 Bg6 7. Nxg6 hxg6 8. Bd2 Nbd7 9. Qc2 Qc7 10. h3 a6 11. O-O-O b5 12. cxd5 cxd5 13. Bd3 Nb6 14. Kb1 Rc8 15. Rc1 Qd7 16. Qd1 Nc4 17. e4 dxe4 18. Bxc4 Rxc4 19. Be3 Bb4 20. Ne2 Rxc1+ 21. Nxc1 O-O 22. h4 Rc8 23. g4 Qd5 24. h5 gxh5 25. g5 Ng4 26. Rxh5 g6 27. Rh3 Nxe3 28. fxe3 Qxg5 29. Qh1 Qf6 30. Ne2 Bf8 31. Nc3 Bg7 32. Nxe4 Qf5 33. a3 Qd5 34. Rh4 a5 35. Qf1 g5 36. Qg1 f6 37. Rg4 Qf5 38. Ka1 Rd8 39. Nc5 e5 40. Rg2 exd4 41. exd4 Qd5 42. Re2 b4 43. Qe1 bxa3 44. Ne6 axb2+ 45. Kb1 Rc8 46. Nxg7 Rc1+ 0-1

[Event "CCT Play-in Chessable Masters 2024"]
[Site "Online"]
[Date "2024.01.31"]
[Round "3"]
[White "youngKID"]
[Black "Dreev, Aleksey"]
[Result "0-1"]
[WhiteElo "2495"]
[BlackElo "2606"]
[Annotator "RC"]
[PlyCount "114"]
[EventDate "2024.01.26"]
[EventType "swiss"]
[EventCountry "NET"]
[SourceTitle "playchess.com"]
[Source "ChessBase"]
[SourceQuality "1"]

1. e4 c6 2. d4 d5 3. Nc3 dxe4 4. Nxe4 Bf5 5. Ng3 Bg6 6. Nf3 e6 7. Bd3 Nf6 8. Bxg6 hxg6 9. O-O c5 10. dxc5 Qxd1 11. Rxd1 Bxc5 12. a3 a5 13. Bd2 a4 14. Bb4 Na6 15. Bc3 Ke7 16. Ng5 Rhd8 17. N5e4 Bb6 18. Kf1 Rac8 19. Rxd8 Bxd8 20. Rc1 Bc7 21. Ke2 Bf4 22. Bd2 Bxd2 23. Kxd2 Nd5 24. Ne2 e5 25. N4c3 Nb6 26. Ke1 Nc5 27. h4 Ke6 28. g3 Nc4 29. Rb1 Rd8 30. Rd1 Rh8 31. b4 axb3 32. cxb3 Nxb3 33. Ne4 Rc8 34. Rb1 Nca5 35. Ng5+ Ke7 36. f4 f6 37. Nf3 e4 38. Nd2 Nc5 39. Rb5 Nd3+ 40. Kf1 Rc5 41. Rb1 f5 42. Nb3 Rb5 43. Ned4 Rb6 44. Nd2 Rxb1+ 45. Nxb1 Nc4 46. Ke2 Kd6 47. Nc2 Kc5 48. Nc3 Nc1+ 49. Kd1 Nb3 50. Na4+ Kc6 51. Nc3 b5 52. Ke1 Kc5 53. Kd1 Nb2+ 54. Ke2 Na4 55. Nd1 Nd4+ 56. Nxd4 Kxd4 57. Kd2 Nb6 0-1

[Event "CCT Play-in Chessable Masters 2024"]
[Site "Online"]
[Date "2024.01.31"]
[Round "3"]
[White "Gadimbayli, Abdulla"]
[Black "Chirila, Ioan-Cristian"]
[Result "1-0"]
[WhiteElo "2489"]
[BlackElo "2530"]
[Annotator "RC"]
[PlyCount "85"]
[EventDate "2024.01.26"]
[EventType "swiss"]
[EventCountry "NET"]
[SourceTitle "playchess.com"]
[Source "ChessBase"]
[SourceQuality "1"]

1. e4 c5 2. Nf3 Nc6 3. Bb5 g6 4. Bxc6 dxc6 5. d3 Bg7 6. h3 e5 7. Be3 b6 8. O-O Qc7 9. a3 a5 10. Nbd2 Be6 11. Ng5 Bd7 12. b4 cxb4 13. axb4 a4 14. c4 b5 15. cxb5 cxb5 16. Nb3 Ne7 17. Rc1 Qd6 18. Na5 O-O 19. Bc5 Qf6 20. Nf3 Rfc8 21. d4 Nc6 22. dxe5 Qe6 23. Ng5 Qe8 24. Nb7 Bxe5 25. f4 Bb8 26. e5 Bf5 27. g4 Qd7 28. gxf5 Qxb7 29. Qg4 Ba7 30. Qh4 Bxc5+ 31. Rxc5 h5 32. e6 Nd4 33. exf7+ Kg7 34. Qf2 Nxf5 35. Qb2+ Kh6 36. Rxf5 Qb6+ 37. Rc5 Rxc5 38. bxc5 Qxc5+ 39. Kh2 Qf5 40. Qe5 a3 41. Ne6 Qxf7 42. f5 Rc8 43. Qe3+ 1-0

[Event "CCT Play-in Chessable Masters 2024"]
[Site "Online"]
[Date "2024.01.31"]
[Round "3"]
[White "SpeedofLight0"]
[Black "Svidler, Peter"]
[Result "0-1"]
[WhiteElo "2484"]
[BlackElo "2689"]
[Annotator "TA"]
[PlyCount "64"]
[EventDate "2024.01.26"]
[EventType "swiss"]
[EventCountry "NET"]
[SourceTitle "playchess.com"]
[Source "ChessBase"]
[SourceQuality "1"]

1. e4 c5 2. Nf3 e6 3. d4 cxd4 4. Nxd4 a6 5. c4 Nf6 6. Nc3 Qc7 7. a3 Nxe4 8. Nxe4 Qe5 9. Bd3 Qxd4 10. O-O f5 11. Be3 Qe5 12. f4 Qc7 13. Ng5 Bc5 14. Qe2 O-O 15. b4 Bxe3+ 16. Qxe3 Nc6 17. c5 Ne7 18. Rad1 Nd5 19. Qd4 b6 20. g4 bxc5 21. bxc5 h6 22. gxf5 hxg5 23. fxg5 Bb7 24. Rc1 Ne7 25. c6 Nxc6 26. Qh4 Qb6+ 27. Rf2 Ne5 28. Be4 Rxf5 29. g6 Nxg6 30. Qg3 Bxe4 31. Rcf1 Rxf2 32. Rxf2 Rf8 0-1

[Event "CCT Play-in Chessable Masters 2024"]
[Site "Online"]
[Date "2024.01.31"]
[Round "3"]
[White "Klekowski, Maciej"]
[Black "Nemegejas"]
[Result "1-0"]
[WhiteElo "2477"]
[BlackElo "2167"]
[Annotator "RC"]
[PlyCount "61"]
[EventDate "2024.01.26"]
[EventType "swiss"]
[EventCountry "NET"]
[SourceTitle "playchess.com"]
[Source "ChessBase"]
[SourceQuality "1"]

1. c4 e6 2. Nf3 d5 3. e3 Nf6 4. b3 b6 5. Bb2 Bb7 6. g3 dxc4 7. bxc4 c5 8. Bg2 Be7 9. O-O O-O 10. Qe2 Qc7 11. Nc3 a6 12. Rfd1 Nc6 13. Rac1 Rac8 14. Ba1 Rfd8 15. d3 Na7 16. Rb1 Rb8 17. Qb2 b5 18. Qc2 Ba8 19. Ne2 Rbc8 20. Be5 Qd7 21. Bc3 Nc6 22. Nf4 Nb4 23. Qb2 bxc4 24. Ne5 Qa4 25. Nxc4 Nxd3 26. Rxd3 Qxc4 27. Rxd8+ Rxd8 28. Bxa8 Rxa8 29. Bxf6 gxf6 30. Nh5 Qe4 31. Qb8+ 1-0